00737nam a2200229 4500010001300000020002000013020002000033035001300053037001800066040001200084082001800096245009900114260004000213270007400253300003200327505001400359650004400373650003500417700002000452700001800472700001700490 aA-710056 a8170411009(Set) a8170411041(v.4) aA-710056 bCen Lib / Ret aDPLbEN a363.7003bENC aEncyclopaedic dictionary of environment /cedited by G R Chhatwal ; D K Pandey [and] K K Nanda aNew DelhibAnmol Publicationsc1988 a4378/4B, Gali Murari Lal Ansari Road, Darya Ganj bNew Delhie110002 a(v 4. vi, 961-1279p) b24cm av. 4. S-Z aEnvironnement -- Dictionnaires anglais. aEnvironnement -- Encyclopaedic aChhatwal, G. R. aPandey, D. K. aNanda, K. K.